|
|
|
|
| LEADER |
00000nab a2200000 4500 |
| 001 |
vtls011971596 |
| 003 |
SK-MaSNL |
| 005 |
20260303095538.0 |
| 008 |
200604c2020 xo er|n || ||00 c0ukr |
| 015 |
|
|
|a SNBRB2020/06
|
| 038 |
|
|
|a SVKPOCL
|
| 040 |
|
|
|a SVKPOCL
|b slo
|c SVKPOCL
|e rda
|
| 041 |
0 |
|
|a ukr
|
| 044 |
|
|
|a xo
|c SK
|
| 072 |
|
7 |
|a 398
|x Folklór
|2 konspekt
|
| 080 |
|
|
|a 398.23(=161.2)
|2 2011
|
| 080 |
|
|
|a 821.161.2-7
|2 2011
|
| 080 |
|
|
|a (477)
|2 2011
|
| 080 |
|
|
|a (=161.2)
|2 2011
|
| 080 |
|
|
|a (=161.25)
|2 2011
|
| 080 |
|
|
|a 821.161.25-7
|2 2011
|
| 245 |
0 |
0 |
|a Hucuľs'ki figli
|
| 336 |
|
|
|a text
|b txt
|2 rdacontent
|
| 337 |
|
|
|a bez média
|b n
|2 rdamedia
|
| 338 |
|
|
|a zväzok
|b nc
|2 rdacarrier
|
| 500 |
|
|
|a V rubrike Informaciji/Humor
|
| 500 |
|
|
|a Obsahuje 4 anekdoty
|
| 650 |
0 |
7 |
|a anekdoty
|2 svkpocl
|9 75453
|
| 650 |
0 |
7 |
|a ľudový humor
|2 SNKPH
|9 70421
|
| 650 |
0 |
7 |
|a ľudová slovesnosť
|2 SNKPH
|9 67005
|
| 650 |
0 |
7 |
|a ukrajinské anekdoty
|2 svkpocl
|9 1087105
|
| 650 |
0 |
7 |
|a rusínske anekdoty
|2 svkpocl
|9 1087104
|
| 740 |
0 |
2 |
|a Ide turyst polonynoju, stričaje hucula ...
|
| 740 |
0 |
2 |
|a Jeden bandyt kaže druhomu: - Nadojilo ...
|
| 740 |
0 |
2 |
|a - Znaješ kume jaka u ňa pračka?
|
| 740 |
0 |
2 |
|a - Dochtore, a što bў vў propysaly čolovikovy ...
|
| 773 |
0 |
|
|t Nove žyttja
|g Roč. 70, č. 7 (2020), s. 4
|
| 852 |
|
|
|a SVKPO
|b KIS3GCP
|
| 958 |
|
|
|a UA
|
| 958 |
|
|
|a SS
|
| 958 |
|
|
|a LX
|
| 958 |
|
|
|a NM
|
| 958 |
|
|
|a RN
|
| 999 |
|
|
|c 1825513
|d 1827443
|